Strašidelná knihovna. Tajný pokoj /
V dalším případu řeší Kaz a Klárka záhadu Beckettovy tajné místnosti.
Uloženo v:
| Série: | Strašidelná knihovna,
část 5 |
|---|---|
| Hlavní autor: | |
| Další autoři: | , |
| Médium: | E-kniha |
| Jazyk: | Czech |
| Vydáno: |
Praha :
Fragment,
2021
|
| Vydání: | 2. vydání |
| Témata: | |
| Příbuzné jednotky: | Přeloženo z:
Haunted library Z cyklu:: Strašidelná knihovna |
| Tagy: |
Žádné tagy |
| LEADER | 02770nam a2200529 i 4500 | ||
|---|---|---|---|
| 001 | 311419 | ||
| 003 | CZ PrSKC | ||
| 005 | 20260601215705.0 | ||
| 007 | ta | ||
| 008 | 210929s2021 xr a b 000 j cze | ||
| 015 | |a cnb003361662 | ||
| 020 | |a 9788025353387 |q (vázáno) : |c Kč 199,00 | ||
| 035 | |a (OCoLC)1288051981 | ||
| 035 | |a (OCoLC)1291383699 | ||
| 040 | |a ABG001 |b cze |d ABA001 |e rda | ||
| 041 | 1 | |a cze |h eng | |
| 072 | 7 | |a 821.111(73)-3 |x Americká próza |2 Konspekt | |
| 072 | 7 | |a 821-93 |x Literatura pro děti a mládež (beletrie) |2 Konspekt | |
| 080 | |a 821.111(73)-32 |2 MRF | ||
| 080 | |a 821-93 |2 MRF | ||
| 080 | |a (0:82-32) |2 MRF | ||
| 100 | 1 | |a Butler, Dori Hillestad, |d 1965- |7 ola2017939581 |4 aut | |
| 240 | 1 | 0 | |a Secret room. |l Česky |
| 245 | 1 | 0 | |a Strašidelná knihovna. |p Tajný pokoj / |c napsala Dori Hillestad Butlerová ; ilustrovala Aurora Damantová ; z anglického originálu The haunted library - The secret room přeložil Václav Soukup |
| 246 | 3 | 0 | |a Tajný pokoj |
| 250 | |a 2. vydání | ||
| 264 | 1 | |a Praha : |b Fragment, |c 2021 | |
| 300 | |a 127 stran : |b ilustrace ; |c 20 cm | ||
| 336 | |a text |b txt |2 rdacontent | ||
| 337 | |a bez média |b n |2 rdamedia | ||
| 338 | |a svazek |b nc |2 rdacarrier | ||
| 520 | 2 | |a V dalším případu řeší Kaz a Klárka záhadu Beckettovy tajné místnosti. |b Kaz není obyčejný kluk, je to duch. Klárka zas není obyčejná holka - na rozdíl od ostatních lidí totiž dokáže vidět duchy. Jejich detektivní kancelář je proto jako stvořená pro řešení zapeklitých záhad! Kaz se konečně naučil to, co běžně zvládá každý duch - procházet zdí. Může tak vyrazit na průzkum Beckettovy tajné místnosti v zadní části knihovny. To, co tam najde, je záhada všech záhad. Nakladatelská anotace. Kráceno. | |
| 521 | 8 | |a Pro čtenáře od 7 let | |
| 655 | 7 | |a americké příběhy |7 fd131795 |2 czenas | |
| 655 | 7 | |a publikace pro děti |7 fd133156 |2 czenas | |
| 655 | 9 | |a American stories |2 eczenas | |
| 655 | 9 | |a children's literature |2 eczenas | |
| 700 | 1 | |a Damant, Aurore, |d 1981- |7 ola2017939588 |4 ill | |
| 700 | 1 | |a Soukup, Václav |7 ola2018992136 |4 trl | |
| 765 | 0 | |t Haunted library | |
| 787 | 0 | 8 | |i Z cyklu: |t Strašidelná knihovna |g 5 |
| 900 | |a ABA001 |b 21 | ||
| 928 | 9 | |a Albatros Media - Fragment | |
| 044 | |a xr | ||
| 910 | |a RBIT002 | ||
| 998 | |d 335812 |a https://core.palmknihy.cz/api/books/335812/cover?si811n |b https://core.palmknihy.cz/api/books/335812/cover/400?si811n |c https://core.palmknihy.cz/api/books/335812/cover/50?si811n |e 2029-12-10 |g 128 |i 9788025353387 |j https://core.palmknihy.cz/api/books/335812/preview.epub |k https://core.palmknihy.cz/api/books/335812/preview.pdf |l |q 49 |r 1 |s https://www.palmknihy.cz/kniha/335812 |t ebook |y 2021 |z 0 |v Strašidelná knihovna |w 5 | ||
| 999 | |d 311417 | ||